| 000 | 00515nam a22001577a 4500 | ||
|---|---|---|---|
| 003 | macl | ||
| 005 | 20191204123713.0 | ||
| 008 | 191204b xxu||||| |||| 00| 0 eng d | ||
| 040 | _cmacl | ||
| 082 | _a740 | ||
| 100 |
_aमावडी ,डाॅ .मोहन सिंह _977426 |
||
| 245 | _aचित्रकला के मूल आधार | ||
| 260 |
_aदिल्ली _bतक्षशिला प्रकाशन _c2017 |
||
| 650 |
_aचित्रकला _953024 |
||
| 942 |
_2ddc _cHIN |
||
| 999 |
_c61500 _d61500 |
||